00654nam a2200193 a 450000100100000000500170001000800410002702000150006804000250008308200150010810000340012324500970015726000620025430000360031649000250035250400300037770000280040783000250043500004627420201002052744.0150714s1986 pr ac 000 0 spa d a0940238306 aDO-SdBNPbspacBNPHU axxxxbxxxx1 aBurgos, Julia de,d1914-1953.10aJulia de Burgos :bYo misma fui mi ruta /cJulia de Burgos ; edición de María M. Solá. aRío Piedras, Puerto Rico :bEdiciones Huracán,c1986. a160 p. :bil., retrs. ;c20 cm.1 aClásicos huracán aBibliografía : p. 49-5112aSolá, M. Maríaeed. 0aClásicos huracán